LIBRARY & INFORMATION CENTRE, KCAET, TAVANUR

ONLINE PUBLIC ACCESS CATALOGUE (OPAC)

Dry biological systems / (Record no. 10284)

MARC details
000 -LEADER
fixed length control field 00481cam a2200193ua 4500
020 ## - INTERNATIONAL STANDARD BOOK NUMBER
ISBN 0-12-198080-4
041 ## - LANGUAGE CODE
Language code of text/sound track or separate title eng
082 ## - DEWEY DECIMAL CLASSIFICATION NUMBER
Classification number 581.5
Item number CRO/DR
100 ## - MAIN ENTRY--AUTHOR NAME
Personal name Crowe, John H .
245 00 - TITLE STATEMENT
Title Dry biological systems /
250 ## - EDITION STATEMENT
Edition statement 1 /
260 ## - PUBLICATION, DISTRIBUTION, ETC. (IMPRINT)
Place of publication New York :
Name of publisher Academic Press ,
Year of publication 1978.
300 ## - PHYSICAL DESCRIPTION
Number of Pages 357 ; .
700 1# - ADDED ENTRY--PERSONAL NAME
Personal name Clegg, James S .
942 ## - ADDED ENTRY ELEMENTS (KOHA)
Koha item type Books
Holdings
Withdrawn status Lost status Damaged status Home library Current library Date acquired Full call number Accession Number Koha item type
      KAUAET KAUAET 27/03/1987 581.5 CRO/DR 16207 Books
free website counter